The jungle book (Record no. 9009)

MARC details
000 -LEADER
fixed length control field 00821nam a22002177a 4500
003 - CONTROL NUMBER IDENTIFIER
control field OSt
005 - DATE AND TIME OF LATEST TRANSACTION
control field 20260312034952.0
008 - FIXED-LENGTH DATA ELEMENTS--GENERAL INFORMATION
fixed length control field 260312b |||||||| |||| 00| 0 eng d
020 ## - INTERNATIONAL STANDARD BOOK NUMBER
International Standard Book Number 978-9715-183956
040 ## - CATALOGING SOURCE
Original cataloging agency DWCL GS lib
Transcribing agency OC
082 ## - DEWEY DECIMAL CLASSIFICATION NUMBER
Classification number K57j 2010
100 ## - MAIN ENTRY--PERSONAL NAME
Personal name KIPLING, RUDYARD
245 ## - TITLE STATEMENT
Title The jungle book
Statement of responsibility, etc. RUDYARD KIPLING
260 ## - PUBLICATION, DISTRIBUTION, ETC.
Place of publication, distribution, etc. New York
Name of publisher, distributor, etc. Lampara publishing House Inc.
Date of publication, distribution, etc. 2010
300 ## - PHYSICAL DESCRIPTION
Extent 127 p
Other physical details illustrations
Dimensions 20cm
520 ## - SUMMARY, ETC.
Summary, etc. a collection of stories—primarily following Mowgli, a boy raised by wolves in the Indian jungle.
650 ## - SUBJECT ADDED ENTRY--TOPICAL TERM
Topical term or geographic name entry element strict code of ethics, survival, and social structure that ensures harmony and safety among animals.
650 ## - SUBJECT ADDED ENTRY--TOPICAL TERM
Topical term or geographic name entry element true strength comes from courage, community, and embracing one's unique identity.
700 ## - ADDED ENTRY--PERSONAL NAME
Personal name RUDYARD KIPLING
942 ## - ADDED ENTRY ELEMENTS (KOHA)
Source of classification or shelving scheme Dewey Decimal Classification
Koha item type Fiction
Suppress in OPAC No

No items available.